Mizne impulzívny nákup

Finančná kríza priniesla aj to, že zákazníci viac premýšľajú nad tým, čo kúpia. Viac porovnávajú ceny a vzdávajú sa značkových vecí, pri ktorých existuje cenovo prijateľnejší ekvivalent. V popredí je zdravie.

Gespeichert in:
Bibliographische Detailangaben
Format: Buchkapitel
Sprache:Slowakisch
Schlagworte:
Tags: Tag hinzufügen
Keine Tags, Fügen Sie das erste Tag hinzu!

MARC

LEADER 00000naa$a2200000$$$4500
001 0091610
005 20231128093920.1
041 0 |a slo 
044 |a SK 
245 1 0 |a Mizne impulzívny nákup 
520 |a Finančná kríza priniesla aj to, že zákazníci viac premýšľajú nad tým, čo kúpia. Viac porovnávajú ceny a vzdávajú sa značkových vecí, pri ktorých existuje cenovo prijateľnejší ekvivalent. V popredí je zdravie. 
610 2 0 |a kríza finančná 
610 2 0 |a zákazníci 
610 2 0 |a nákup 
610 2 0 |a správanie spotrebiteľa 
610 2 0 |a Slovensko